Migrácia vo svete

Základné súvislosti a charakteristiky svetovej migrácie. Vývoj medzinárodnej migrácie vo svete v rokoch 1960-2005.

Gespeichert in:
Bibliographische Detailangaben
1. Verfasser: Podolák, Peter
Format: Buchkapitel
Sprache:Slowakisch
Schlagworte:
Tags: Tag hinzufügen
Keine Tags, Fügen Sie das erste Tag hinzu!

MARC

LEADER 00000naa$a2200000$$$4500
001 0064794
005 20220715093737.7
041 0 |a slo 
044 |a SK 
245 1 0 |a Migrácia vo svete  |c Peter Podolák 
520 |a Základné súvislosti a charakteristiky svetovej migrácie. Vývoj medzinárodnej migrácie vo svete v rokoch 1960-2005. 
610 2 0 |a demografia 
610 2 0 |a migrácia 
610 2 0 |a politika azylová 
610 2 0 |a vývoj populačný 
610 2 0 |a globalizácia 
610 2 0 |a hospodárstvo svetové 
100 1 |a Podolák, Peter